| 000 | 01716nac a22002891i 4500 | ||
|---|---|---|---|
| 003 | EG-ScBUE | ||
| 005 | 20240910115349.0 | ||
| 008 | 240910s1996 enk f 001 0 eng d | ||
| 020 | _a0333657411 | ||
| 020 | _a9780333657416 | ||
| 040 |
_aEG-ScBUE _beng _erda _cEG-ScBUE _dEG-ScBUE |
||
| 082 | 0 | 4 |
_a510.2462 _bSTR _222 |
| 100 | 1 |
_aStroud, K. A., _eauthor. |
|
| 245 | 1 | 0 |
_aFurther engineering mathematics : _bprograms and problems / _cKen A. Stroud, formerly principle lecturer, Department of Mathematics, Coventry University. |
| 250 | _aThird edition. | ||
| 264 | 1 |
_aBasingstoke : _bMacmillan, _c1996. |
|
| 300 |
_a1088 pages ; _c22 cm |
||
| 336 |
_2rdacontent _atext _btxt |
||
| 337 |
_aunmediated _2rdamedia _bn |
||
| 338 |
_avolume _bnc _2rdacarrier |
||
| 500 | _a'The essential engineer's reference book.' - Mr H. Cawte, Department of Mechanical and Manufacturing Engineering, University of Portsmouth | ||
| 500 | _aIncludes index. | ||
| 505 | _aTheory of Equations Part 1 - Theory of Equations Part 2 - Partial Differentiation - Integral Functions - Power Series Solution of Differential Equations - Numerical Solution of Differential Equations - Laplace Transforms Part 1 - Laplace Transforms Part 2 - Multiple Integrals Part 1 - Multiple Integrals Part 2 - Matrix Algebra - Vector Analysis Part 1 - Vector Analysis Part 2 - Vector Analysis Part 3 - Complex Variable Part 1 - Complex Variable Part 2 - Fourier Series - Numerical Harmonic Analysis - Partial Differential Equations - Linear Optimisation (Linear Programming - Appendix (Proofs and Theorems) - Answers - Index | ||
| 650 | 7 |
_aEngineering mathematics _xProgrammed instruction. _2BUEsh |
|
| 655 | _vReading book | ||
| 942 |
_cBB _2ddc |
||
| 999 |
_c1224 _d1224 |
||